| 000 | 00940cam a2200205 4500 | ||
|---|---|---|---|
| 001 | WB3906-07 | ||
| 008 | 030213n2003 000 0 eng u | ||
| 035 | _a(Sirsi) u121338 | ||
| 245 | _aProtocol establishes national company pollution registers | ||
| 260 | _c2003 | ||
| 490 |
_aRICS Environment Faculty News _v 10 February 2003, (1) |
||
| 520 | _aMinerals and waste operators are among industries which will be required to report annually on their pollution data for inclusion in a public national register of industrial pollutants, following the agreement on 31 January of a new UN international treaty. http://www.rics.org/ricscms/bin/show?class=News&template=/includes/shownews.html&id=4832. | ||
| 590 | _aWB | ||
| 650 | _aAARHUS CONVENTION | ||
| 650 | _aPOLLUTANT RELEASE AND TRANSFER REGISTER | ||
| 650 | _aINDUSTRIAL POLLUTION | ||
| 650 | _aPOLLUTION LEVELS | ||
| 690 | _aENVIRONMENTAL AND LAND CONSULTANCY | ||
| 942 | _n0 | ||
| 999 |
_c72106 _d72106 |
||